México insurgente /

Guardat en:
Dades bibliogràfiques
Autor principal: Reed, John (autor)
Format: Llibre
Idioma:espanyol
Publicat: México : Fondo de Cultura Económica, 2020, c2020
Col·lecció:(Colección Popular ; 812)
Matèries:
Etiquetes: Afegir etiqueta
Sense etiquetes, Sigues el primer a etiquetar aquest registre!

MARC

LEADER 00000nam^a2200000^a^4500
001 000622602
005 20251016000000.0
009 20260310133921.138
020 |a 978-607-16-7057-1 
025 |a Donación sin dato, 1 ejemplar 
037 |a Acervo ITESO - Biblioteca 
041 |a ESP 
082 |a 972. 061  |b REE 
100 |a Reed, John  |e (autor) 
240 1 1 |a [México insurgente] 
245 1 0 |a México insurgente /  |c J. Reed ; tr. por Irving Roffe. 
264 4 |a México :  |b Fondo de Cultura Económica,  |c 2020, c2020 
300 |a 356 p. 
336 |a texto  |b txt  |2 rdacontenido 
337 |a sin mediación  |b n  |2 rdamedio 
338 |a volumen  |b nc  |2 rdasoporte 
440 1 |a (Colección Popular ;  |v 812) 
500 |a Traducción de: Insurgent Mexico 
545 0 |a El periodista y dirigente obrero norteamericano John Silas Reed (1887-1920), nacido en Portland, Oregon y muerto en Moscú, perteneció a una familia de la alta burguesía. Estudió en la Universidad de Harvard. En 1913 comenzó a trabajar para el periódico radical The Masses y en 1911, como corresponsal de guerra del Metropolitan Magazine, llegó a México donde realizó entrevistas y reportajes sobre la Revolución Mexicana. Reed acompañó a Pancho Villa en sus ataques por el norte de México, convivió con los soldados y conoció a Venustiano Carranza. Estas impresiones las recogió en un libro titulado México insurgente (1914). Otras obras de este periodista son La guerra en el este de Europa (1916); Diez días que estremecieron el mundo (1919), relato de primera mano sobre la revolución bolchevique ya que durante su visita a Rusia el autor se hizo muy amigo de Lenin y presenció la toma del poder por parte de los bolcheviques en Petrogrado (hoy San Petersburgo) en 1917. En Hija de la revolución, relatos escritos entre 1912 y 1916, se describen testimonios sobre acontecimientos bélicos en Europa y sobre todo en el Norte de México. 
649 |a XX 
650 |a Crónicas Norteamericanas 
650 |a Literatura y Periodismo 
650 |a Literatura Norteamericana -  |y Siglo XX 
650 |a Política -  |z México -  |x Historia 
650 |a México en la Literatura 
650 |a México -  |x Historia -  |y Revolución Villista, 1914-1920 -  |x Tema Principal 
650 |a México -  |x Historia -  |y Revolución, 1910-1917 
650 |a México -  |x Historia -  |y Siglo XX 
910 |a Fondo General 
920 |a Impresos - Libros 
930 |a Colección General 
905 |a 101 
901 |a 622900-10  |b IT1  |c ACC  |i D  |u 20251016 
902 |a https://opac.biblio.iteso.mx/vufind/Record/000622602